000
00282nam a2200133Ia 4500
100
_a
Flemings/M.C
942
_c
BK
654
_a
Processing
245
_a
Solidification processing
260
_b
McGraw Hill
_a
NEWYORK
_c
1974
082
_a
669.9
300
_a
368
546
_a
ENGLISH
999
_c
34393
_d
34393